| 000 | 00562nam a2200193 a 4500 | ||
|---|---|---|---|
| 005 | 20140310183310.0 | ||
| 008 | 051010s19uu xx 00 eng d | ||
| 020 | _a0205365388 | ||
| 050 |
_aHF 6146.T42 _b.El43 2004 |
||
| 100 | _aElin, Larry | ||
| 245 |
_aDesigning and producing the television commercial / _cLarry Elin, Alan Lapides. |
||
| 260 |
_aBoston : _bPearson Education, Inc, _c2004. |
||
| 300 |
_ax, 254 p. ; _c26 cm. |
||
| 521 | _aMC | ||
| 650 | _aTelevision advertising. | ||
| 700 | _aLapides, Alan | ||
| 942 |
_cBK _2lcc _kFOR |
||
| 999 |
_c21148 _d21148 |
||